Visualizzazione normale
Vista MARC
- Coslow
di Personal Name
Records bibliografici associati: 1
001 - CONTROL NUMBER
- control field: 29671
003 - CONTROL NUMBER IDENTIFIER
- control field: IT-RoPau
005 - DATE AND TIME OF LATEST TRANSACTION
- control field: 20140614223001.0
008 - FIXED-LENGTH DATA ELEMENTS
- fixed length control field: 140614|| aca||aabn | a|a d
040 ## - CATALOGING SOURCE
- Original cataloging agency: IT-RoPau
- Transcribing agency: IT-RoPau
100 ## - HEADING--PERSONAL NAME
- Personal name: Coslow
- Dates associated with a name: Codice autore SPICS: 22532
- Relator term: Autore
- Name of part/section of a work: My Old Flame
670 ## - SOURCE DATA FOUND
- Source citation: Work cat.: (IT-RoPau)99344: AA.VV. 794, Riverside Story (The)